Business Ethics/ (Record no. 35812)
[ view plain ]
| 000 -LEADER | |
|---|---|
| fixed length control field | 00485nam a22001697a 4500 |
| 005 - DATE AND TIME OF LATEST TRANSACTION | |
| control field | 20240523141137.0 |
| 008 - FIXED-LENGTH DATA ELEMENTS--GENERAL INFORMATION | |
| fixed length control field | 240523b |||||||| |||| 00| 0 eng d |
| 082 ## - DEWEY DECIMAL CLASSIFICATION NUMBER | |
| Classification number | 174.4 |
| Item number | VEL-B |
| 100 ## - MAIN ENTRY--AUTHOR | |
| Author Name | Velasquez Manuel.G |
| 245 ## - TITLE STATEMENT | |
| Title | Business Ethics/ |
| Remainder of title | Concepts and Cases/ |
| Statement of responsibility, etc. | Manuel G. Velasquez |
| 250 ## - EDITION STATEMENT | |
| Edition statement | 7th ed. |
| 260 ## - PUBLICATION, DISTRIBUTION, ETC. | |
| Place of Publication | USA; |
| Name of publisher, distributor, etc. | Santa Clara University; |
| 300 ## - PHYSICAL DESCRIPTION | |
| Pages | viii, 496 p.: |
| 500 ## - GENERAL NOTE | |
| General note | Include index |
| 650 ## - SUBJECT ADDED ENTRY--TOPICAL TERM | |
| Subject / Department | Ethics/Occupational Ethics |
| 300 ## - PHYSICAL DESCRIPTION | |
| -- | ill.; |
| -- | 22.5 cm. |
| 952 ## - LOCATION AND ITEM INFORMATION (KOHA) | |
| -- | 0 |
| -- | 0 |
| Lost status | Damaged status | Collection code | Permanent Location | Current Location | Shelving Location | Date acquired | Full Call Number | Accession No./Barcode | Date last seen | item type | Koha item type |
|---|---|---|---|---|---|---|---|---|---|---|---|
| Medical /Allied Heath Science | Superior Information Resource Center (SIRC) Superior University - City Campus | Superior Information Resource Center (SIRC) Superior University - City Campus | Psychology | 05/23/2024 | 174.4 VEL-B | 1104 | 05/23/2024 | BOOK | BOOK |
